| 000 | 00806nam a2200229Ii 4500 | ||
|---|---|---|---|
| 003 | JO-AjNU | ||
| 008 | 230605s9999||||xx |||||||||||||| ||und|| | ||
| 017 | _a2007/5/1179 | ||
| 020 | _a9957-16-267-5 | ||
| 040 |
_aJO-AjNU _bara _erda _cJO-AjNU |
||
| 041 | _aara | ||
| 050 | 1 | 4 | _aKZ6310.Y37.2008 |
| 100 | 3 |
_a يشوي ، لندة معمر , _eauthor _926686 |
|
| 245 | 0 | 0 | _aالمحكمة الجنائية الدولية الدائمة واختصاصاتها |
| 250 | _aط1 | ||
| 264 | 3 | 1 | _aعمان : دار الثقافة ، 2008 |
| 300 | _a463ص | ||
| 336 |
_atext _btxt _2rdacontent |
||
| 337 |
_aunmediated _bn _2rdamedia |
||
| 338 |
_avolume _bnc _2rdacarrier |
||
| 650 | 4 |
_aالمحكمة الجنائية الدولية -- القانون الدولي -- القانون الجنائي _926687 |
|
| 999 |
_aA10141 _c13709 _d13709 |
||